Statistics for Where's that liquor from?

Click here to take the quiz!

General Stats

  • This quiz has been taken 477 times
  • The average score is 13 of 18

Answer Stats

HintAnswer% Correct
TequilaMexico
100%
VodkaRussia
100%
SakeJapan
98%
WhiskeyUnited Kingdom
96%
Bourbon WhiskeyUnited States
94%
BeerGermany
92%
LimoncelloItaly
92%
Triple SecFrance
78%
CachaçaBrazil
76%
OuzoGreece
76%
Licor 43Spain
70%
MoutaiChina
69%
AdvocaatNetherlands
58%
AkvavitDenmark
44%
PiscoPeru
36%
HorilkaUkraine
35%
MampoerSouth Africa
29%
SinganiBolivia
10%

Score Distribution

Percentile by Number Answered

Percent of People with Each Score

Your Score History

You have not taken this quiz